000
00235nam a2200097Ia 4500
001
682886
005
20250826161427.0
008
250824s9999 xx 000 0 und d
245
0
_a
HESAP GÜNÜ
_c
MUSTAFA KUTLU
260
_b
DERGAH YAYINLARI
999
_c
682886
_d
682886